000 01246nam a22002177a 4500
999 _c57338
_d57338
003 Ge_BSU
005 20200525150644.0
008 200525s2018ge xxu||||| |||| 00| 0 geo d
020 _a9789941473739
041 _ageo
080 _a321(479.22) + 328(479.22) ც-64
100 _aფირცხალაშვილი, ანა,
_98126
245 _aსაქართველოს სახელმწიფო მოწყობის საფუძვლები :
_b(პრაქტიკული სახელმძღვანელო) /
_cანა ფირცხალაშვილი ; გიორგი მირიანაშვილი ; რედ. მალხაზ ბეგიაშვილი.
264 _aთბილისი :
_b მწიგნობარი,
_c2018.
300 _a232 გვ. ;
_c 20 სმ.
653 _aსაქართველოს სახელმწიფო მოწყობა.
653 _aსაქართველოს პარლამენტი
700 _aმირიანაშვილი, გიორგი
_98196
700 _aბეგიაშვილი, მალხაზ
_eრედაქტორი
_96983
942 _2udc
_cBK